[Event "BCF-chT4 2223 (4NCL)"]
[Site "England"]
[Date "2023.05.01"]
[Round "11.155"]
[White "Cann, Harriet"]
[Black "Ryan, John MT"]
[Result "0-1"]
[WhiteElo "555"]
[BlackElo "1520"]
[PlyCount "54"]
[EventDate "2022.11.05"]
[EventType "team-swiss"]
[EventRounds "11"]
[EventCountry "ENG"]
[SourceTitle "EXT 2024"]
[Source "ChessBase"]
[SourceDate "2023.10.10"]
[SourceVersion "1"]
[SourceVersionDate "2023.10.10"]
[SourceQuality "1"]
[WhiteTeam "Cambridge University II"]
[BlackTeam "Iceni III"]
[WhiteTeamCountry "ENG"]
[BlackTeamCountry "ENG"]

1. e4 c5 2. Nf3 d6 3. Bb5+ Nd7 4. 0-0 a6 5. Bxd7+ Bxd7 6. Nc3 e6 7. d3 h6 8. d4 cxd4 9. Nxd4 Nf6 10. Re1 Be7 11. b4 Rc8 12. Bb2 0-0 13. b5 e5 14. Nf5 Bxf5 15. exf5 Qa5 16. bxa6 bxa6 17. Ne4 Rfd8 18. Bc3 Rxc3 19. Qd2 Nxe4 20. Rxe4 Qc5 21. Rc1 Bg5 22. Qe1 Bxc1 23. Qxc1 Rxc2 24. Qxc2 Qxc2 25. f3 Rb8 26. a3 Rb2 27. a4 Qxg2# 0-1